Responses for Show #3138 - Wednesday, April 1, 1998

Pat Healy game 2.

Contestants

[<< previous game]

Denise Berger, an office manager from Los Angeles, California

Steve Northey, a metal artist and fabricator from Seattle, Washington

Pat Healy, an index editor from Concord, California (whose 1-day cash winnings total $13,001)

[next game >>]

Jeopardy! Round responses

APRIL
FOOLS
DAY
THE MALE OF THE SPECIES
ATHLETIC CUPS
IT'S A GUY THING
    $100 12
(Alex: Yes--very much in the news these days.)

the Titanic

Pat
    $100 1
(Alex: That's right... he deserved it, too.)

a lemonade stand

Pat
    $100 7
Calamity Jane

Steve
    $100 4
Tom

Pat
    $100 26
the World Cup (in soccer)

Pat
    $100 21
The Three Stooges

Pat
    $200 13
(Alex: That was Pat Boone with [Sings] [*]... He sang it a lot better than I do, obviously. So I'll stop, and we'll take a commercial break and I'll clear my throat two or three times.)

"April Love"

Triple Stumper
    $200 2
a cab

Pat
    $200 8
James Garner

Steve
    $200 16
a rooster

Steve
    $200 27
the Stanley Cup

Pat
    $200 22
directions

Pat
    $300 14
[Alex did not ask Pat to specify, nor did Alex clarify, that the correct response was Noah [*].]

Webster

Pat
    $300 3
(Pat: What is make a left hand turn?)
(Steve: What is to make a U-turn?)

pass (another car)

PatSteveDenise
    $300 9
Jumbo

Pat
    $300 17
Drake

Steve
    $300 28
[The end-of-round signal sounds.]

the Americas Cup

Pat
    $300 23
testosterone

Pat
    $400 15
FDR

Denise
    $400 5
(Steve: What is champagne?)

wine

Steve
Triple Stumper
    $900 10
Pillow Talk

Pat
    $400 18
(Denise: Oh, I'm sorry, I don't know. A hare? What is a hare?)
(Alex: Oh! No. Wrong.)

a buck

Denise
Triple Stumper
    $400 24
GQ (Gentlemen's Quarterly)

Denise
    $500 20
(Steve: Who is Joe Lous?)

Rocky Marciano

Steve
Triple Stumper
    $500 6
Pathfinder

Pat
    $500 11
John Raitt

Pat
    $500 19
(Denise: What are hogs?)

boars

PatDenise
    $500 25
Promise Keepers

Pat

Scores at the first commercial break (after clue 13):

Pat Steve Denise
$2,400 -$400 $300

Scores at the end of the Jeopardy! Round:

Pat Steve Denise
$4,900 -$400 $200

Double Jeopardy! Round responses

LOUIS XIV
SHOE BIZ
BRIT BITS & PIECES
MORE OPERATIC DEMISES
THE FACE OF AN ANGEL
"HI" FIVE
    $200 1
the "Sun King"

Pat
    $200 18
clowns

Steve
    $200 13
Big Ben

Pat
    $200 8
Samson

Pat
    $200 26
John Travolta

Pat
    $200 2
hijack

Pat
    $400 4
The Three Musketeers

Pat
    $400 19
Hush Puppies

Steve
    $400 14
the Chunnel (the channel tunnel)

Pat
    $400 9
Porgy & Bess

Pat
    $400 27
Della Reese

Pat
    $400 3
the hibiscus

Denise
    $600 23
Versailles

Pat
    $600 20
Keds

Triple Stumper
    $1,400 15
[Alex pronounces "Zs" in the clue as "zees--or zeds--".]
(Pat: What is the Encyclopædia Britannica?)

the Oxford English Dictionary (the OED)

Pat
    $1,300 10
(Alex: [*], yes. "God bless Captain Vere!")

Billy Budd

Pat
    $600 28
Tommy Smothers

Triple Stumper
    $600 5
Hiram

Pat
    $800 24
13

Triple Stumper
    $800 21
Birkenstocks

Denise
    $800 16
the cat

Triple Stumper
    $800 11
Austria

Triple Stumper
    $800 29
[The end-of-round signal sounds.]

Frankie Avalon

Pat
    $800 6
Hialeah

Pat
    $1000 25
Nantes

Denise
    $1000 22
Etonics

Triple Stumper
    $1000 17
the Royal Albert Hall

Pat
    $1000 12
Elektra

Triple Stumper
    $1000 7
Hibernia

Triple Stumper

Scores at the end of the Double Jeopardy! Round:

Pat Steve Denise
$11,200 $200 $2,400
(lock game)

[wagering suggestions for these scores]

Final Jeopardy! Round responses

APRIL 1 IN HISTORY
(Alex: I know, some of you were expecting Pat Sajak on our program again today, but we did that last year, so--it's been done!)
(Alex: [After Denise's $0 wager is revealed] So it looks like she will finish in second place, and get that trip to Paris--I suspect that was what she was aiming for.)
[Denise giggles]
SteveWhat is the Civil War?
$100
DeniseWhat is the Civil War?
$0
PatWhat is the Civil War?
$1,200
the Civil War

Final scores:

Pat Steve Denise
$12,400 $300 $2,400
2-day champion: $25,401 3rd place: a Hollofil II tent 2nd place: an "April in Paris" Collette Tours trip to France

Game dynamics:

Coryat scores:

Pat Steve Denise
$11,400 $200 $2,400
32 R
(including 2 DDs),
2 W
(including 1 DD)
6 R,
3 W
6 R,
2 W

Combined Coryat: $14,000

[game clues] [game scores] [suggest correction]

Game tape date: Unknown
The J! Archive is created by fans, for fans. Scraping, republication, monetization, and malicious use prohibited; this site may use cookies and collect identifying information. See terms. The Jeopardy! game show and all elements thereof, including but not limited to copyright and trademark thereto, are the property of Jeopardy Productions, Inc. and are protected under law. This website is not affiliated with, sponsored by, or operated by Jeopardy Productions, Inc. Join the discussion at JBoard.tv.